000 00438pab a2200145 454500
008 180718b2005 xxu||||| |||| 00| 0 eng d
100 _aKaur, Kuljit
245 _aA study of social support as a coping resource of high and higher secondary teachers in relation to mental health
260 _c2005
300 _ap.40-51.
650 _aMental health
650 _aTeachers
773 _aResearch Journal Social Sciences
909 _a73112
999 _c73112
_d73112